Tilastot visalle Afrikan valtiot tyhjällä kartalla.

Klikkaa tästä pelataksesi tätä visaa!

Yleistilastot

  • Tätä visaa on pelattu 358 kertaa
  • Keskiarvotulos 48 / 54

Vastaukset kartalla

Vastauksille on annettu kartalla punavihreä väri sen mukaan, kuinka moni on saanut sen oikein.
Ladataan ...
 

Vastaustilastot

Valtio% Oikein
Egypti
99%
Algeria
98%
Etelä-Afrikka
97%
Nigeria
96%
Sudan
96%
Etiopia
96%
Libya
96%
Niger
96%
Kenia
95%
Tunisia
94%
Somalia
94%
Mali
94%
Kongon tasavalta
94%
Kongon dem. tasavalta
94%
Angola
93%
Eritrea
93%
Tansania
92%
Etelä-Sudan
92%
Marokko
92%
Togo
91%
Namibia
91%
Ghana
90%
Keski-Afrikan tasavalta
90%
Norsunluurannikko
90%
Lesotho
90%
Mauritania
89%
Liberia
89%
Mosambik
88%
Tšad
88%
Uganda
88%
Botswana
88%
Benin
88%
Sambia
87%
Senegal
87%
Madagaskar
87%
Gambia
87%
Zimbabwe
87%
Guinea
87%
Malawi
85%
Ruanda
85%
Swazimaa
85%
Burkina Faso
83%
Djibouti
83%
Burundi
82%
Mauritius
82%
Guinea-Bissau
82%
Kamerun
82%
Päiväntasaajan Guinea
80%
Kap Verde
79%
Sierra Leone
78%
Gabon
78%
Seychellit
75%
São Tomé ja Príncipe
75%
Komorit
71%

Tulosjakauma

Persentiili vastausten määrän mukaan

Jokaisen tuloksen saaneiden osuus

Tuloshistoriasi

Et ole pelannut tätä visaa